[Event "European Women's Chess Club Cup 2023"]
[Site "Durres, Albania"]
[Date "2023.10.07"]
[Round "7.21"]
[White "Muzychuk, Mariya"]
[Black "Pavlidou, Ekaterini"]
[Result "1-0"]
[TimeControl "90' + 30' & 30\""]
[WhiteElo "2519"]
[BlackElo "2104"]

1. e4 {[%clk 01:30:57]} {[%emt 00:00:02]} c5 {[%clk 01:30:28]} {[%emt
00:00:32]} 2. c3 {[%clk 01:30:41]} {[%emt 00:00:46]} d5 {[%clk 01:30:29]}
{[%emt 00:00:28]} 3. exd5 {[%clk 01:30:54]} {[%emt 00:00:19]} Qxd5 {[%clk
01:30:48]} {[%emt 00:00:09]} 4. d4 {[%clk 01:31:16]} {[%emt 00:00:09]} Nf6
{[%clk 01:31:02]} {[%emt 00:00:15]} 5. Nf3 {[%clk 01:31:19]} {[%emt 00:00:28]}
Bg4 {[%clk 01:30:48]} {[%emt 00:00:44]} 6. Nbd2 {[%clk 01:24:39]} {[%emt
00:07:11]} Nc6 {[%clk 01:11:16]} {[%emt 00:20:02]} 7. Qa4 {[%clk 01:23:55]}
{[%emt 00:01:13]} Bxf3 {[%clk 01:06:12]} {[%emt 00:05:34]} 8. Nxf3 {[%clk
01:23:58]} {[%emt 00:00:27]} Qe4+ {[%clk 01:04:12]} {[%emt 00:02:29]} 9. Be3
{[%clk 01:20:44]} {[%emt 00:03:44]} cxd4 {[%clk 01:03:00]} {[%emt 00:01:43]} 10.
cxd4 {[%clk 01:14:42]} {[%emt 00:06:33]} e6 {[%clk 01:02:12]} {[%emt 00:01:17]}
11. Bb5 {[%clk 01:13:57]} {[%emt 00:01:16]} Bd6 {[%clk 00:59:39]} {[%emt
00:03:02]} 12. O-O {[%clk 01:11:55]} {[%emt 00:02:32]} O-O {[%clk 00:53:33]}
{[%emt 00:06:35]} 13. h3 {[%clk 01:09:00]} {[%emt 00:03:26]} Nb4 {[%clk
00:49:11]} {[%emt 00:04:51]} 14. Nd2 {[%clk 00:57:47]} {[%emt 00:11:44]} Qf5
{[%clk 00:42:49]} {[%emt 00:06:51]} 15. Nc4 {[%clk 00:57:09]} {[%emt 00:01:09]}
Be7 {[%clk 00:39:48]} {[%emt 00:03:31]} 16. Ne5 {[%clk 00:57:21]} {[%emt
00:00:18]} a6 {[%clk 00:37:27]} {[%emt 00:02:51]} 17. Be2 {[%clk 00:57:30]}
{[%emt 00:00:21]} Qc2 {[%clk 00:34:22]} {[%emt 00:03:35]} 18. Qxc2 {[%clk
00:57:42]} {[%emt 00:00:18]} Nxc2 {[%clk 00:34:48]} {[%emt 00:00:04]} 19. Rac1
{[%clk 00:58:10]} {[%emt 00:00:02]} Rac8 {[%clk 00:34:20]} {[%emt 00:00:58]} 20.
Bf3 {[%clk 00:45:56]} {[%emt 00:12:45]} Nd5 {[%clk 00:34:10]} {[%emt 00:00:39]}
21. Bxd5 {[%clk 00:43:49]} {[%emt 00:02:37]} exd5 {[%clk 00:34:19]} {[%emt
00:00:20]} 22. Rfd1 {[%clk 00:44:13]} {[%emt 00:00:06]} Bd6 {[%clk 00:25:06]}
{[%emt 00:09:43]} 23. Nd7 {[%clk 00:39:46]} {[%emt 00:04:58]} Rfd8 {[%clk
00:20:48]} {[%emt 00:04:47]} 24. Nb6 {[%clk 00:39:56]} {[%emt 00:00:22]} Nxe3
{[%clk 00:18:36]} {[%emt 00:02:41]} 25. fxe3 {[%clk 00:39:51]} {[%emt
00:00:35]} Rxc1 {[%clk 00:18:09]} {[%emt 00:00:57]} 26. Rxc1 {[%clk 00:40:18]}
{[%emt 00:00:03]} Bf8 {[%clk 00:12:12]} {[%emt 00:06:27]} 27. Rc7 {[%clk
00:40:10]} {[%emt 00:00:37]} g6 {[%clk 00:10:54]} {[%emt 00:01:48]} 28. Rxb7
{[%clk 00:39:23]} {[%emt 00:01:18]} Bh6 {[%clk 00:09:55]} {[%emt 00:01:29]} 29.
Kf2 {[%clk 00:39:48]} {[%emt 00:00:05]} Rd6 {[%clk 00:09:55]} {[%emt 00:00:29]}
30. Nd7 {[%clk 00:34:28]} {[%emt 00:05:50]} Rc6 {[%clk 00:08:05]} {[%emt
00:02:20]} 31. Nc5 {[%clk 00:32:53]} {[%emt 00:02:06]} Bg5 {[%clk 00:06:10]}
{[%emt 00:02:24]} 32. g3 {[%clk 00:32:18]} {[%emt 00:01:05]} a5 {[%clk
00:05:08]} {[%emt 00:01:33]} 33. Rd7 {[%clk 00:32:28]} {[%emt 00:00:20]} Rc8
{[%clk 00:04:12]} {[%emt 00:01:26]} 34. Rxd5 {[%clk 00:32:37]} {[%emt
00:00:21]} Bh6 {[%clk 00:04:34]} {[%emt 00:00:08]} 35. Kf3 {[%clk 00:31:53]}
{[%emt 00:01:14]} f5 {[%clk 00:03:46]} {[%emt 00:01:19]} 36. Nd3 {[%clk
00:30:02]} {[%emt 00:02:20]} a4 {[%clk 00:03:49]} {[%emt 00:00:27]} 37. Ra5
{[%clk 00:28:35]} {[%emt 00:01:56]} Re8 {[%clk 00:03:24]} {[%emt 00:00:56]} 38.
Ne5 {[%clk 00:27:27]} {[%emt 00:01:38]} Rb8 {[%clk 00:03:43]} {[%emt 00:00:10]}
39. Nc4 {[%clk 00:27:35]} {[%emt 00:00:23]} Rb4 {[%clk 00:01:50]} {[%emt
00:02:23]} 40. Rc5 {[%clk 00:28:00]} {[%emt 00:00:05]} Bf8 {[%clk 00:00:53]}
{[%emt 00:01:27]} 41. Rc7 {[%clk 00:27:08]} {[%emt 00:01:22]} Bh6 {[%clk
00:30:17]} {[%emt 00:01:05]} 42. d5 {[%clk 00:53:53]} {[%emt 00:03:46]} Kf8
{[%clk 00:30:07]} {[%emt 00:00:40]} 43. d6 {[%clk 00:53:10]} {[%emt 00:01:13]}
Bg5 {[%clk 00:29:52]} {[%emt 00:00:44]} 44. Ke2 {[%clk 00:53:00]} {[%emt
00:00:41]} Bf6 {[%clk 00:25:31]} {[%emt 00:04:51]} 45. Kd3 {[%clk 00:53:13]}
{[%emt 00:00:17]} h5 {[%clk 00:25:26]} {[%emt 00:00:35]} 46. Rc8+ {[%clk
00:53:12]} {[%emt 00:00:30]} 1-0

[Event "European Women's Chess Club Cup 2023"]
[Site "Durres, Albania"]
[Date "2023.10.07"]
[Round "7.22"]
[White "Grapsa, Georgia"]
[Black "Muzychuk, Anna"]
[Result "0-1"]
[TimeControl "90' + 30' & 30\""]
[WhiteElo "1920"]
[BlackElo "2510"]

1. d4 {[%clk 01:30:57]} {[%emt 00:00:02]} d6 {[%clk 01:30:55]} {[%emt
00:00:06]} 2. Nf3 {[%clk 01:31:19]} {[%emt 00:00:08]} f5 {[%clk 01:31:16]}
{[%emt 00:00:09]} 3. c4 {[%clk 01:31:18]} {[%emt 00:00:31]} Nf6 {[%clk
01:31:38]} {[%emt 00:00:08]} 4. g3 {[%clk 01:31:19]} {[%emt 00:00:30]} g6
{[%clk 01:32:02]} {[%emt 00:00:06]} 5. Bg2 {[%clk 01:31:43]} {[%emt 00:00:06]}
Bg7 {[%clk 01:32:26]} {[%emt 00:00:06]} 6. O-O {[%clk 01:32:07]} {[%emt
00:00:06]} O-O {[%clk 01:32:49]} {[%emt 00:00:06]} 7. Nc3 {[%clk 01:31:20]}
{[%emt 00:01:17]} c6 {[%clk 01:33:10]} {[%emt 00:00:09]} 8. d5 {[%clk
01:31:34]} {[%emt 00:00:16]} e5 {[%clk 01:33:18]} {[%emt 00:00:22]} 9. dxe6
{[%clk 01:31:56]} {[%emt 00:00:08]} Bxe6 {[%clk 01:33:43]} {[%emt 00:00:04]} 10.
Bf4 {[%clk 01:30:05]} {[%emt 00:02:22]} Bxc4 {[%clk 01:32:14]} {[%emt
00:01:59]} 11. Bxd6 {[%clk 01:17:34]} {[%emt 00:13:01]} Re8 {[%clk 01:31:54]}
{[%emt 00:00:50]} 12. Bf4 {[%clk 01:10:19]} {[%emt 00:07:45]} Qxd1 {[%clk
01:19:52]} {[%emt 00:12:33]} 13. Rfxd1 {[%clk 01:06:10]} {[%emt 00:04:38]} Na6
{[%clk 01:17:13]} {[%emt 00:03:09]} 14. Rd2 {[%clk 01:00:38]} {[%emt 00:06:01]}
Rad8 {[%clk 01:08:26]} {[%emt 00:09:17]} 15. Rad1 {[%clk 00:59:06]} {[%emt
00:02:02]} Rxd2 {[%clk 01:07:59]} {[%emt 00:00:57]} 16. Rxd2 {[%clk 00:59:00]}
{[%emt 00:00:37]} Ne4 {[%clk 00:57:17]} {[%emt 00:11:12]} 17. Nxe4 {[%clk
00:54:14]} {[%emt 00:05:16]} fxe4 {[%clk 00:57:39]} {[%emt 00:00:08]} 18. Ng5
{[%clk 00:54:24]} {[%emt 00:00:20]} Bd5 {[%clk 00:57:51]} {[%emt 00:00:17]} 19.
Be3 {[%clk 00:53:56]} {[%emt 00:00:58]} h6 {[%clk 00:49:44]} {[%emt 00:08:38]}
20. Nh3 {[%clk 00:53:42]} {[%emt 00:00:44]} g5 {[%clk 00:50:07]} {[%emt
00:00:07]} 21. Bxa7 {[%clk 00:47:10]} {[%emt 00:07:01]} Bxa2 {[%clk 00:47:46]}
{[%emt 00:02:52]} 22. Rd7 {[%clk 00:36:45]} {[%emt 00:10:55]} b5 {[%clk
00:46:55]} {[%emt 00:01:21]} 23. Bd4 {[%clk 00:33:19]} {[%emt 00:03:56]} Bxd4
{[%clk 00:46:24]} {[%emt 00:01:01]} 24. Rxd4 {[%clk 00:33:45]} {[%emt
00:00:04]} Bd5 {[%clk 00:46:34]} {[%emt 00:00:20]} 25. b4 {[%clk 00:26:01]}
{[%emt 00:08:14]} Nc7 {[%clk 00:44:47]} {[%emt 00:02:16]} 26. f4 {[%clk
00:17:59]} {[%emt 00:08:33]} exf3 {[%clk 00:43:05]} {[%emt 00:02:12]} 27. Bxf3
{[%clk 00:18:03]} {[%emt 00:00:25]} Bxf3 {[%clk 00:37:54]} {[%emt 00:05:42]} 28.
exf3 {[%clk 00:18:04]} {[%emt 00:00:29]} Nd5 {[%clk 00:38:06]} {[%emt
00:00:18]} 29. Nf2 {[%clk 00:15:08]} {[%emt 00:03:25]} Re1+ {[%clk 00:36:35]}
{[%emt 00:02:01]} 30. Kg2 {[%clk 00:15:33]} {[%emt 00:00:05]} Rb1 {[%clk
00:31:26]} {[%emt 00:05:39]} 31. Nd3 {[%clk 00:07:50]} {[%emt 00:08:13]} Rd1
{[%clk 00:30:39]} {[%emt 00:01:17]} 32. h4 {[%clk 00:07:57]} {[%emt 00:00:23]}
gxh4 {[%clk 00:28:46]} {[%emt 00:02:23]} 33. Kh2 {[%clk 00:06:06]} {[%emt
00:02:21]} hxg3+ {[%clk 00:19:01]} {[%emt 00:10:16]} 34. Kxg3 {[%clk 00:06:29]}
{[%emt 00:00:06]} Kh7 {[%clk 00:19:14]} {[%emt 00:00:17]} 35. Kg4 {[%clk
00:02:50]} {[%emt 00:04:09]} Nxb4 {[%clk 00:18:03]} {[%emt 00:01:41]} 36. Rxb4
{[%clk 00:03:01]} {[%emt 00:00:19]} Rxd3 {[%clk 00:18:26]} {[%emt 00:00:06]} 37.
f4 {[%clk 00:03:13]} {[%emt 00:00:18]} Kg6 {[%clk 00:18:02]} {[%emt 00:00:55]}
38. Re4 {[%clk 00:01:35]} {[%emt 00:02:08]} h5+ {[%clk 00:18:07]} {[%emt
00:00:25]} 39. Kh4 {[%clk 00:01:57]} {[%emt 00:00:08]} Kf5 {[%clk 00:17:58]}
{[%emt 00:00:38]} 40. Re5+ {[%clk 00:02:21]} {[%emt 00:00:07]} Kxf4 {[%clk
00:18:08]} {[%emt 00:00:20]} 41. Rc5 {[%clk 00:02:45]} {[%emt 00:00:05]} Rd6
{[%clk 00:18:24]} {[%emt 00:00:13]} 0-1

[Event "European Women's Chess Club Cup 2023"]
[Site "Durres, Albania"]
[Date "2023.10.07"]
[Round "7.23"]
[White "Khademalsharieh, Sarasadat"]
[Black "Androni, Konstantina"]
[Result "1-0"]
[TimeControl "90' + 30' & 30\""]
[WhiteElo "2476"]
[BlackElo "1917"]

1. d4 {[%clk 01:30:56]} {[%emt 00:00:04]} d5 {[%clk 01:30:50]} {[%emt
00:00:10]} 2. c4 {[%clk 01:31:15]} {[%emt 00:00:12]} e6 {[%clk 01:31:13]}
{[%emt 00:00:06]} 3. Nc3 {[%clk 01:31:34]} {[%emt 00:00:12]} Nf6 {[%clk
01:31:36]} {[%emt 00:00:06]} 4. cxd5 {[%clk 01:31:06]} {[%emt 00:00:58]} Nxd5
{[%clk 01:31:42]} {[%emt 00:00:24]} 5. e4 {[%clk 01:31:08]} {[%emt 00:00:28]}
Nxc3 {[%clk 01:32:06]} {[%emt 00:00:06]} 6. bxc3 {[%clk 01:31:35]} {[%emt
00:00:04]} c5 {[%clk 01:32:27]} {[%emt 00:00:08]} 7. Rb1 {[%clk 01:31:58]}
{[%emt 00:00:07]} Be7 {[%clk 01:32:14]} {[%emt 00:00:43]} 8. Nf3 {[%clk
01:32:03]} {[%emt 00:00:26]} O-O {[%clk 01:32:20]} {[%emt 00:00:24]} 9. Bc4
{[%clk 01:32:00]} {[%emt 00:00:33]} Qc7 {[%clk 01:24:48]} {[%emt 00:08:02]} 10.
d5 {[%clk 01:31:14]} {[%emt 00:01:17]} exd5 {[%clk 01:21:15]} {[%emt 00:04:02]}
11. Bxd5 {[%clk 01:29:49]} {[%emt 00:01:56]} Nc6 {[%clk 01:15:53]} {[%emt
00:05:51]} 12. h3 {[%clk 01:25:27]} {[%emt 00:04:53]} Bf6 {[%clk 01:06:11]}
{[%emt 00:10:12]} 13. c4 {[%clk 01:19:28]} {[%emt 00:06:30]} b6 {[%clk
00:50:04]} {[%emt 00:16:35]} 14. O-O {[%clk 01:18:21]} {[%emt 00:01:38]} Bb7
{[%clk 00:48:46]} {[%emt 00:01:48]} 15. Be3 {[%clk 01:13:49]} {[%emt 00:05:02]}
Rad8 {[%clk 00:45:55]} {[%emt 00:03:20]} 16. Qd2 {[%clk 01:05:56]} {[%emt
00:08:24]} Ne5 {[%clk 00:44:24]} {[%emt 00:01:59]} 17. Nxe5 {[%clk 01:06:14]}
{[%emt 00:00:13]} Bxe5 {[%clk 00:36:58]} {[%emt 00:07:56]} 18. f4 {[%clk
01:06:24]} {[%emt 00:00:20]} Bf6 {[%clk 00:36:56]} {[%emt 00:00:31]} 19. e5
{[%clk 01:05:35]} {[%emt 00:01:20]} Be7 {[%clk 00:35:36]} {[%emt 00:01:47]} 20.
Rbd1 {[%clk 01:04:29]} {[%emt 00:01:39]} Rfe8 {[%clk 00:30:01]} {[%emt
00:06:05]} 21. Qc2 {[%clk 01:03:09]} {[%emt 00:01:50]} Bf8 {[%clk 00:27:56]}
{[%emt 00:02:35]} 22. Bf2 {[%clk 01:01:22]} {[%emt 00:02:18]} b5 {[%clk
00:25:06]} {[%emt 00:03:20]} 23. Qe4 {[%clk 00:56:15]} {[%emt 00:05:37]} Rb8
{[%clk 00:18:25]} {[%emt 00:07:09]} 24. Rb1 {[%clk 00:47:53]} {[%emt 00:08:53]}
a6 {[%clk 00:17:44]} {[%emt 00:01:11]} 25. Rfe1 {[%clk 00:47:26]} {[%emt
00:00:57]} Bc8 {[%clk 00:15:49]} {[%emt 00:02:24]} 26. f5 {[%clk 00:45:28]}
{[%emt 00:02:29]} bxc4 {[%clk 00:15:27]} {[%emt 00:00:53]} 27. Rxb8 {[%clk
00:45:20]} {[%emt 00:00:38]} Qxb8 {[%clk 00:15:55]} 28. Bxf7+ {[%clk 00:43:41]}
{[%emt 00:02:10]} Kxf7 {[%clk 00:16:20]} {[%emt 00:00:05]} 29. Qxc4+ {[%clk
00:44:06]} {[%emt 00:00:05]} Be6 {[%clk 00:15:52]} {[%emt 00:00:56]} 30. fxe6+
{[%clk 00:44:34]} {[%emt 00:00:04]} Rxe6 {[%emt 00:00:14]} 31. Rf1 {[%clk
00:44:45]} {[%emt 00:00:19]} Qxe5 {[%clk 00:07:03]} {[%emt 00:09:33]} 32. Bd4+
{[%clk 00:44:34]} {[%emt 00:00:42]} 1-0

[Event "European Women's Chess Club Cup 2023"]
[Site "Durres, Albania"]
[Date "2023.10.07"]
[Round "7.24"]
[White "Dereka, Konstantina"]
[Black "Cramling, Pia"]
[Result "0-1"]
[TimeControl "90' + 30' & 30\""]
[WhiteElo "1696"]
[BlackElo "2446"]

1. d4 {[%clk 01:30:57]} {[%emt 00:00:02]} Nf6 {[%clk 01:30:47]} {[%emt
00:00:12]} 2. c4 {[%clk 01:31:22]} {[%emt 00:00:06]} b6 {[%clk 01:31:05]}
{[%emt 00:00:12]} 3. Nf3 {[%clk 01:31:27]} {[%emt 00:00:25]} Bb7 {[%clk
01:30:36]} {[%emt 00:00:58]} 4. g3 {[%clk 01:30:57]} {[%emt 00:01:02]} g6
{[%clk 01:29:26]} {[%emt 00:01:40]} 5. Bg2 {[%clk 01:31:10]} {[%emt 00:00:18]}
Bg7 {[%clk 01:29:50]} {[%emt 00:00:03]} 6. O-O {[%clk 01:31:29]} {[%emt
00:00:11]} O-O {[%clk 01:29:47]} {[%emt 00:00:34]} 7. Nc3 {[%clk 01:31:21]}
{[%emt 00:00:38]} Ne4 {[%clk 01:27:27]} {[%emt 00:02:49]} 8. Qc2 {[%clk
01:27:31]} {[%emt 00:04:20]} Nxc3 {[%clk 01:26:36]} {[%emt 00:01:22]} 9. Qxc3
{[%clk 01:26:22]} {[%emt 00:01:39]} c5 {[%clk 01:20:40]} {[%emt 00:06:25]} 10.
e3 {[%clk 01:22:26]} {[%emt 00:04:27]} Nc6 {[%clk 01:18:34]} {[%emt 00:02:35]}
11. Rd1 {[%clk 01:18:26]} {[%emt 00:04:30]} Rc8 {[%clk 01:13:45]} {[%emt
00:05:19]} 12. Qd2 {[%clk 01:10:04]} {[%emt 00:08:52]} Na5 {[%clk 01:04:26]}
{[%emt 00:09:49]} 13. b3 {[%clk 01:03:12]} {[%emt 00:07:23]} cxd4 {[%clk
01:03:37]} {[%emt 00:01:19]} 14. Nxd4 {[%clk 01:00:04]} {[%emt 00:03:38]} Bxg2
{[%clk 01:03:20]} {[%emt 00:00:47]} 15. Kxg2 {[%clk 01:00:29]} {[%emt
00:00:05]} d5 {[%clk 00:59:11]} {[%emt 00:04:37]} 16. cxd5 {[%clk 00:57:47]}
{[%emt 00:03:14]} Qxd5+ {[%clk 00:59:12]} {[%emt 00:00:28]} 17. Kg1 {[%clk
00:57:34]} {[%emt 00:00:44]} Rfd8 {[%clk 00:50:19]} {[%emt 00:09:21]} 18. Ba3
{[%clk 00:38:25]} {[%emt 00:19:40]} Nc6 {[%clk 00:41:59]} {[%emt 00:08:50]} 19.
Qe2 {[%clk 00:25:53]} {[%emt 00:13:04]} Bxd4 {[%clk 00:37:28]} {[%emt
00:05:00]} 20. exd4 {[%clk 00:22:29]} {[%emt 00:03:54]} Nxd4 {[%clk 00:37:31]}
{[%emt 00:00:25]} 21. Qe3 {[%clk 00:19:00]} {[%emt 00:04:00]} e5 {[%clk
00:37:09]} {[%emt 00:00:52]} 22. Bb2 {[%clk 00:15:27]} {[%emt 00:04:03]} Rc2
{[%clk 00:34:52]} {[%emt 00:02:45]} 23. Bxd4 {[%clk 00:14:52]} {[%emt
00:01:08]} exd4 {[%clk 00:35:16]} {[%emt 00:00:04]} 24. Qd3 {[%clk 00:14:50]}
{[%emt 00:00:33]} Qc6 {[%clk 00:33:37]} {[%emt 00:02:08]} 25. Rd2 {[%clk
00:12:38]} {[%emt 00:02:43]} Rxd2 {[%clk 00:31:43]} {[%emt 00:02:24]} 26. Qxd2
{[%clk 00:13:03]} {[%emt 00:00:05]} d3 {[%clk 00:31:44]} {[%emt 00:00:28]} 27.
Rc1 {[%clk 00:12:58]} {[%emt 00:00:36]} Qf3 {[%clk 00:30:33]} {[%emt 00:01:40]}
28. Re1 {[%clk 00:09:06]} {[%emt 00:04:23]} h5 {[%clk 00:30:25]} {[%emt
00:00:38]} 29. h4 {[%clk 00:08:04]} {[%emt 00:01:33]} Qc6 {[%clk 00:30:18]}
{[%emt 00:00:34]} 30. Rc1 {[%clk 00:07:56]} {[%emt 00:00:40]} Qd5 {[%clk
00:30:31]} {[%emt 00:00:16]} 31. Rd1 {[%clk 00:07:21]} {[%emt 00:01:06]} a5
{[%clk 00:28:31]} {[%emt 00:02:29]} 32. Rc1 {[%clk 00:01:12]} {[%emt 00:06:39]}
Kh7 {[%clk 00:21:44]} {[%emt 00:07:18]} 33. Rd1 {[%clk 00:00:58]} {[%emt
00:00:45]} Rd6 {[%clk 00:21:46]} {[%emt 00:00:25]} 34. Qf4 {[%clk 00:00:45]}
{[%emt 00:00:45]} Kg7 {[%clk 00:21:18]} {[%emt 00:00:58]} 35. Qd2 {[%clk
00:00:41]} {[%emt 00:00:35]} Kh7 {[%clk 00:19:30]} {[%emt 00:02:17]} 36. Qf4
{[%clk 00:01:04]} {[%emt 00:00:08]} Rd7 {[%clk 00:19:49]} {[%emt 00:00:09]} 37.
Qd2 {[%clk 00:00:43]} {[%emt 00:00:53]} Qc5 {[%clk 00:16:59]} {[%emt 00:03:17]}
38. Rc1 {[%clk 00:00:53]} {[%emt 00:00:22]} Qd4 {[%clk 00:16:43]} {[%emt
00:00:44]} 39. Rd1 {[%clk 00:01:03]} {[%emt 00:00:23]} a4 {[%clk 00:15:52]}
{[%emt 00:01:20]} 40. Qe3 {[%clk 00:00:34]} {[%emt 00:00:59]} Qxe3 {[%clk
00:07:17]} {[%emt 00:09:05]} 41. fxe3 {[%clk 00:00:58]} {[%emt 00:00:06]} axb3
{[%clk 00:06:14]} {[%emt 00:01:33]} 42. axb3 {[%clk 00:01:22]} {[%emt
00:00:06]} d2 {[%clk 00:05:18]} {[%emt 00:01:26]} 43. b4 {[%clk 00:30:11]}
{[%emt 00:01:42]} Kg7 {[%clk 00:34:42]} {[%emt 00:01:04]} 44. Kf2 {[%clk
00:30:16]} {[%emt 00:00:27]} Kf6 {[%clk 00:29:40]} {[%emt 00:05:31]} 45. Kf3
{[%clk 00:24:09]} {[%emt 00:06:37]} Ke5 {[%clk 00:29:03]} {[%emt 00:01:07]} 46.
b5 {[%clk 00:22:30]} {[%emt 00:02:10]} Rd3 {[%clk 00:28:17]} {[%emt 00:01:15]}
47. g4 {[%clk 00:21:36]} {[%emt 00:01:25]} hxg4+ {[%clk 00:28:36]} {[%emt
00:00:11]} 48. Kxg4 {[%clk 00:21:59]} {[%emt 00:00:06]} Ke4 {[%clk 00:28:56]}
{[%emt 00:00:10]} 0-1

[Event "European Women's Chess Club Cup 2023"]
[Site "Durres, Albania"]
[Date "2023.10.07"]
[Round "7.25"]
[White "Doluhanova, Evgeniya"]
[Black "Guichard, Pauline"]
[Result "0-1"]
[TimeControl "90' + 30' & 30\""]
[WhiteElo "2230"]
[BlackElo "2358"]

1. Nf3 {[%clk 01:30:58]} {[%emt 00:00:01]} Nf6 {[%clk 01:30:55]} {[%emt
00:00:05]} 2. b3 {[%clk 01:31:26]} {[%emt 00:00:03]} g6 {[%clk 01:28:28]}
{[%emt 00:02:57]} 3. Bb2 {[%clk 01:31:39]} {[%emt 00:00:17]} Bg7 {[%clk
01:28:51]} {[%emt 00:00:06]} 4. g3 {[%clk 01:28:11]} {[%emt 00:03:59]} d5
{[%clk 01:24:19]} {[%emt 00:05:01]} 5. Bg2 {[%clk 01:28:34]} {[%emt 00:00:06]}
O-O {[%clk 01:23:00]} {[%emt 00:01:50]} 6. O-O {[%clk 01:28:59]} {[%emt
00:00:05]} c6 {[%clk 01:22:41]} {[%emt 00:00:49]} 7. d3 {[%clk 01:28:36]}
{[%emt 00:00:53]} Nbd7 {[%clk 01:22:16]} {[%emt 00:00:55]} 8. c4 {[%clk
01:28:45]} {[%emt 00:00:22]} Re8 {[%clk 01:14:08]} {[%emt 00:08:37]} 9. cxd5
{[%clk 01:28:18]} {[%emt 00:00:58]} cxd5 {[%clk 01:14:27]} {[%emt 00:00:10]} 10.
Nc3 {[%clk 01:28:09]} {[%emt 00:00:39]} b6 {[%clk 01:11:07]} {[%emt 00:03:50]}
11. Rc1 {[%clk 01:27:27]} {[%emt 00:01:12]} Ba6 {[%clk 01:08:44]} {[%emt
00:02:53]} 12. b4 {[%clk 01:27:05]} {[%emt 00:00:52]} b5 {[%clk 00:57:06]}
{[%emt 00:12:08]} 13. a4 {[%clk 01:21:43]} {[%emt 00:05:52]} Qb6 {[%clk
00:52:01]} {[%emt 00:05:35]} 14. axb5 {[%clk 01:12:29]} {[%emt 00:09:45]} Bxb5
{[%clk 00:52:18]} {[%emt 00:00:12]} 15. Qb3 {[%clk 01:12:27]} {[%emt 00:00:32]}
Bc6 {[%clk 00:44:50]} {[%emt 00:07:59]} 16. Na4 {[%clk 01:04:50]} {[%emt
00:08:07]} Bxa4 {[%clk 00:39:51]} {[%emt 00:05:29]} 17. Qxa4 {[%clk 01:05:10]}
{[%emt 00:00:09]} a5 {[%clk 00:38:36]} {[%emt 00:01:45]} 18. b5 {[%clk
00:55:50]} {[%emt 00:09:50]} Rab8 {[%clk 00:37:08]} {[%emt 00:01:59]} 19. Bc3
{[%clk 00:53:19]} {[%emt 00:03:00]} Qxb5 {[%clk 00:35:02]} {[%emt 00:02:36]} 20.
Qxa5 {[%clk 00:47:30]} {[%emt 00:06:19]} Qxa5 {[%clk 00:34:47]} {[%emt
00:00:45]} 21. Bxa5 {[%clk 00:47:55]} {[%emt 00:00:05]} Rb2 {[%clk 00:35:09]}
{[%emt 00:00:08]} 22. e3 {[%clk 00:46:13]} {[%emt 00:02:12]} Ra8 {[%clk
00:33:14]} {[%emt 00:02:26]} 23. Bc3 {[%clk 00:45:54]} {[%emt 00:00:49]} Rba2
{[%clk 00:33:37]} {[%emt 00:00:06]} 24. Nd4 {[%clk 00:43:01]} {[%emt 00:03:22]}
e6 {[%clk 00:33:16]} {[%emt 00:00:52]} 25. Nc6 {[%clk 00:36:47]} {[%emt
00:06:43]} h5 {[%clk 00:24:04]} {[%emt 00:09:42]} 26. e4 {[%clk 00:32:03]}
{[%emt 00:05:15]} dxe4 {[%clk 00:18:54]} {[%emt 00:05:40]} 27. dxe4 {[%clk
00:32:23]} {[%emt 00:00:10]} Ng4 {[%clk 00:15:52]} {[%emt 00:03:32]} 28. e5
{[%clk 00:26:13]} {[%emt 00:06:40]} R8a4 {[%clk 00:09:34]} {[%emt 00:06:48]} 29.
Nb4 {[%clk 00:21:40]} {[%emt 00:05:03]} R2a3 {[%clk 00:09:59]} {[%emt
00:00:06]} 30. Bc6 {[%clk 00:21:32]} {[%emt 00:00:37]} Ra7 {[%clk 00:10:19]}
{[%emt 00:00:11]} 31. Bd4 {[%clk 00:17:31]} {[%emt 00:04:30]} Rc7 {[%clk
00:10:11]} {[%emt 00:00:38]} 32. Nc2 {[%clk 00:08:57]} {[%emt 00:09:03]} Rb3
{[%clk 00:08:30]} {[%emt 00:02:12]} 33. Ba4 {[%clk 00:07:28]} {[%emt 00:01:59]}
Rd3 {[%clk 00:08:50]} {[%emt 00:00:11]} 34. Rcd1 {[%clk 00:03:58]} {[%emt
00:04:00]} Ndxe5 {[%clk 00:05:04]} {[%emt 00:04:16]} 35. Rxd3 {[%clk 00:01:34]}
{[%emt 00:02:54]} Nxd3 {[%clk 00:05:28]} {[%emt 00:00:06]} 36. Bxg7 {[%clk
00:00:38]} {[%emt 00:01:27]} Kxg7 {[%clk 00:05:53]} {[%emt 00:00:04]} 37. h3
{[%clk 00:01:00]} {[%emt 00:00:08]} Ngxf2 {[%clk 00:02:09]} {[%emt 00:04:14]}
38. Rxf2 {[%clk 00:01:02]} {[%emt 00:00:28]} Nxf2 {[%clk 00:02:35]} {[%emt
00:00:04]} 39. Kxf2 {[%clk 00:01:27]} {[%emt 00:00:04]} Rc4 {[%clk 00:02:54]}
{[%emt 00:00:12]} 40. Bb3 {[%clk 00:01:53]} {[%emt 00:00:03]} Rc3 {[%clk
00:03:10]} {[%emt 00:00:14]} 41. Ba4 {[%clk 00:02:18]} {[%emt 00:00:06]} h4
{[%clk 00:01:08]} {[%emt 00:02:32]} 42. g4 {[%clk 00:02:15]} {[%emt 00:00:32]}
Rxh3 {[%clk 00:27:06]} {[%emt 00:04:32]} 43. Ne3 {[%clk 00:32:09]} {[%emt
00:00:35]} Kf6 {[%clk 00:22:24]} {[%emt 00:05:13]} 44. Be8 {[%clk 00:29:16]}
{[%emt 00:03:23]} e5 {[%clk 00:18:32]} {[%emt 00:04:22]} 45. g5+ {[%clk
00:27:15]} {[%emt 00:02:30]} Ke7 {[%clk 00:18:28]} {[%emt 00:00:35]} 46. Ba4
{[%clk 00:25:12]} {[%emt 00:02:34]} Rg3 {[%clk 00:18:38]} {[%emt 00:00:20]} 47.
Nd5+ {[%clk 00:25:38]} {[%emt 00:00:03]} Ke6 {[%clk 00:15:23]} {[%emt
00:03:45]} 48. Nf6 {[%clk 00:23:31]} {[%emt 00:02:37]} Rxg5 {[%clk 00:14:25]}
{[%emt 00:01:29]} 49. Ne4 {[%clk 00:23:57]} {[%emt 00:00:03]} Rf5+ {[%clk
00:13:34]} {[%emt 00:01:21]} 50. Ke3 {[%clk 00:24:23]} {[%emt 00:00:04]} Rf4
{[%clk 00:13:44]} {[%emt 00:00:20]} 51. Bb3+ {[%clk 00:24:42]} {[%emt
00:00:11]} Ke7 {[%clk 00:13:24]} {[%emt 00:00:49]} 52. Ng5 {[%clk 00:25:06]}
{[%emt 00:00:06]} f5 {[%clk 00:12:56]} {[%emt 00:00:59]} 53. Bd5 {[%clk
00:25:01]} {[%emt 00:00:35]} Rg4 {[%clk 00:12:19]} {[%emt 00:01:07]} 54. Nf3
{[%clk 00:25:15]} {[%emt 00:00:17]} Kf6 {[%clk 00:12:36]} {[%emt 00:00:12]} 0-1